01281nam0a22002771 4500001001100000005001700011021001900028035002600047100004100073101000800114102000700122105001800129200030700147210008400454215003000538300008600568300005400654320004400708512002100752606006800773700007000841702003000911801001800941801002200959852002200981rc\411918520250611100456.0 aRUb[49-36699] a(NLR Aleph) 008151190 a20130415d1949 |||y0rusy50 ca0 arus aRU aa c |||||1 aМетодические указания для преподавателей черчения семилетних и средних школ Молдавской ССРfПод ред. А.Н. ГливичаgНауч.-исслед. ин-т школ М-ва просвещения Молд. ССР aКишиневcШкоала советикэd1949g2-я гос. кн. тип. a32 с.cчерт.d22х30 aНа обл.: Р.В. Окушко. Черчение. Метод. указания aПеред загл. авт.: Р.В. Окушко aБиблиогр.: с. 31 (8 назв.)0 aЧерчение aЧерчениеjМетодические пособия2psbo 1aОкушкоbР.В.gРостислав Владимирович 1aГливичbА.Н.4340 0aRUbNLRgpsbo 1aRUbELAR2rusmarc aNLRjТ10 Г-6/96